000 00531nam a2200193Ia 4500
005 20260120131203.0
008 008 260114s9999 xx 000 0 eng d
020 _a9780191796548
037 _aEBOOK
040 _aCRL
_beng
_cCRL
041 _aeng
_2eng
084 _qCRL
100 _aStephens
_9923998
245 0 _aCanon Law and Episcopal Authority
260 _bOxford University PressOxford University Press
_c2015
856 _uhttps://academic.oup.com/book/3277
942 _cEBOOK
999 _c1515912
_d1515912